The Encyclopaedic District Gazetteers of India (Record no. 39817)
[ view plain ]
| 000 -LEADER | |
|---|---|
| fixed length control field | 003540000a22001450004500 |
| 003 - CONTROL NUMBER IDENTIFIER | |
| control field | MACL |
| 040 ## - CATALOGING SOURCE | |
| Original cataloging agency | MACL |
| 090 ## - LOCALLY ASSIGNED LC-TYPE CALL NUMBER (OCLC); LOCAL CALL NUMBER (RLIN) | |
| -- | 40251 |
| -- | 40249 |
| 100 ## - MAIN ENTRY--PERSONAL NAME | |
| Personal name | Bhatt, S C |
| 245 ## - TITLE STATEMENT | |
| Title | The Encyclopaedic District Gazetteers of India |
| Remainder of title | Central Zone Vol 5 |
| 260 ## - PUBLICATION, DISTRIBUTION, ETC. (IMPRINT) | |
| Name of publisher, distributor, etc. | Gyan Publishing House |
| Date of publication, distribution, etc. | 1997 |
| 350 ## - PRICE (NR) (BK AM CF MU VM SE) [OBSOLETE] | |
| Price | 2000 |
| 650 ## - SUBJECT ADDED ENTRY--TOPICAL TERM | |
| Topical term or geographic name as entry element | Travel |
| 942 ## - ADDED ENTRY ELEMENTS (KOHA) | |
| Koha item type | |
| Call number prefix | 910.354/BHA |
| Withdrawn status | Lost status | Damaged status | Not for loan | Home library | Current library | Date acquired | Total Checkouts | Full call number | Barcode | Date last seen | Uniform Resource Identifier | Price effective from | Koha item type |
|---|---|---|---|---|---|---|---|---|---|---|---|---|---|
| MACL | MACL | 15/04/2015 | 910.354/BHA RBKS | CRB3177 | 29/04/2015 | 40054 | 15/04/2015 | Books |









